An Investigation Metonymy in English and Vietnamese Short Stories Metonymy

In the era of worldwide cooperation and integration, communicating in English, an international language, has become an indispensable demand to most people. The communication can be carried out in many ways, of which ….

Сохранить в:
Библиографические подробности
Главный автор: Trịnh Ngọc Xuân Thảo
Формат: Неизвестно
Язык:English
Опубликовано: ĐHĐN 2009
Предметы:
Метки: Добавить метку
Нет меток, Требуется 1-ая метка записи!
Thư viện lưu trữ: Mạng thư viện Đại học Đà Nẵng
LEADER 01228na a2200265 4500
001 000030926
003 4966
005 20151001092320.0
008 151001s2009 000 eng
082 |a 420.4  |b TR-T  |2 Metonymy 
100 |a Trịnh Ngọc Xuân Thảo 
245 |a An Investigation Metonymy in English and Vietnamese Short Stories  |c Trịnh Ngọc Xuân Thảo  |n Metonymy 
260 |a ĐHĐN  |c 2009 
300 |a 108tr. : mh ; 30cm 
520 |a In the era of worldwide cooperation and integration, communicating in English, an international language, has become an indispensable demand to most people. The communication can be carried out in many ways, of which …. 
650 |a An Investigation Metonymy in English and Vietnamese Short Stories, Metonymy, 2009, Trịnh Ngọc Xuân Thảo 
OWN |a LNN 
AVA |a UDN50  |b LNN  |d 420.4 TR-T  |e available  |t Error 5001 Not defined in file expand_doc_bib_avail.  |f 1  |g 0  |h N  |i 0  |k 1 
999 |a From the UDN01 
AVA |a UDN50  |b LNN  |d 420.4 TR-T  |e available  |t Error 5001 Not defined in file expand_doc_bib_avail.  |f 1  |g 0  |h N  |i 0  |k 1 
TYP |a Printed language 
980 |a Mạng thư viện Đại học Đà Nẵng